[Event "TUR-ch Youth"]
[Site "Denizli"]
[Date "2022.05.25"]
[Round "3"]
[White "Karatas, Mehmet Salih"]
[Black "Turk, Burak"]
[Result "1-0"]
[WhiteElo "1445"]
[BlackElo "1085"]
[PlyCount "57"]
[EventDate "2022.05.24"]
[EventType "swiss"]
[EventRounds "9"]
[EventCountry "TUR"]
[SourceTitle "EXT 2023"]
[Source "ChessBase"]
[SourceDate "2022.10.05"]
[SourceVersion "1"]
[SourceVersionDate "2022.10.05"]
[SourceQuality "1"]

1. e4 c5 2. Nc3 g6 3. Nge2 Bg7 4. g3 Nc6 5. Bg2 e6 6. 0-0 Nge7 7. d3 0-0 8. Be3 b6 9. Qd2 Re8 10. Bh6 Bh8 11. f4 d5 12. Rad1 Bb7 13. g4 Rb8 14. f5 dxe4 15. fxe6 f5 16. Qg5 Nd4 17. Nxd4 Qxd4+ 18. Kh1 Bf6 19. Qe3 Ba6 20. Qg3 Kh8 21. Bf4 Rbd8 22. Bc7 Rc8 23. dxe4 Qb4 24. Be5 Bxe5 25. Qxe5+ Kg8 26. Rg1 Qxb2 27. exf5 Nc6 28. Bxc6 Rxc6 29. Rd7 1-0

[Event "TUR-ch Youth"]
[Site "Denizli"]
[Date "2022.05.24"]
[Round "1"]
[White "Yildiz, Talat"]
[Black "Turk, Burak"]
[Result "1-0"]
[WhiteElo "1825"]
[BlackElo "1085"]
[PlyCount "43"]
[EventDate "2022.05.24"]
[EventType "swiss"]
[EventRounds "9"]
[EventCountry "TUR"]
[SourceTitle "EXT 2023"]
[Source "ChessBase"]
[SourceDate "2022.10.05"]
[SourceVersion "1"]
[SourceVersionDate "2022.10.05"]
[SourceQuality "1"]

1. e4 c5 2. Nf3 g6 3. d4 cxd4 4. Qxd4 Nf6 5. e5 Nc6 6. Qa4 Nd5 7. Qb3 Nc7 8. Bf4 Bg7 9. Nc3 Ne6 10. Bg3 0-0 11. 0-0-0 a6 12. h4 b5 13. h5 Bb7 14. hxg6 hxg6 15. Ne4 Nxe5 16. Nxe5 Bxe5 17. Bxe5 f6 18. Qh3 Kf7 19. Qh7+ Ng7 20. Ng5+ fxg5 21. Qxg7+ Ke6 22. Be2 1-0